Second Foundation (Record no. 1968)

000 -LEADER
fixed length control field 01267nam a22003137a 4500
001 - CONTROL NUMBER
control field 3369177
003 - CONTROL NUMBER IDENTIFIER
control field OSt
005 - DATE AND TIME OF LATEST TRANSACTION
control field 20210419071312.0
008 - FIXED-LENGTH DATA ELEMENTS--GENERAL INFORMATION
fixed length control field 871123s1989 nyu 000 1 eng
020 ## - INTERNATIONAL STANDARD BOOK NUMBER
International Standard Book Number 0345336291
040 ## - CATALOGING SOURCE
Original cataloging agency DLC
Transcribing agency DLC
Modifying agency DLC
-- OCoLC
-- DLC
Language of cataloging eng
041 ## - LANGUAGE CODE
Language code of text/sound track or separate title eng
080 ## - UNIVERSAL DECIMAL CLASSIFICATION NUMBER
Universal Decimal Classification number 821.111
Item number A-84
100 1# - MAIN ENTRY--PERSONAL NAME
Personal name Asimov, Isaac,
Dates associated with a name 1920-1992.
245 10 - TITLE STATEMENT
Title Second Foundation
Statement of responsibility, etc. Isaac Asimov.
Remainder of title / by: Ballantine Books
260 ## - PUBLICATION, DISTRIBUTION, ETC.
Place of publication, distribution, etc. New York
Name of publisher, distributor, etc. Ballantine Books
Date of publication, distribution, etc. 1989
300 ## - PHYSICAL DESCRIPTION
Extent 282 p.
365 ## - TRADE PRICE
Price amount 3.95 usd
500 ## - GENERAL NOTE
General note "A Foundation book."
500 ## - GENERAL NOTE
General note This, the latest of the 14 Foundation books, is reckoned by Asimov to be the 9th in terms of the chronology of the events covered. Cf. "Author's note (p. ix-x).
650 #0 - SUBJECT ADDED ENTRY--TOPICAL TERM
Topical term or geographic name entry element English literature
9 (RLIN) 254
653 ## - INDEX TERM--UNCONTROLLED
Uncontrolled term ინგლისური ლიტერატურა
655 #7 - INDEX TERM--GENRE/FORM
Genre/form data or focus term Science fiction.
Source of term gsafd
856 42 - ELECTRONIC LOCATION AND ACCESS
Materials specified Contributor biographical information
Uniform Resource Identifier <a href="http://www.loc.gov/catdir/enhancements/fy0703/87033086-b.html">http://www.loc.gov/catdir/enhancements/fy0703/87033086-b.html</a>
856 42 - ELECTRONIC LOCATION AND ACCESS
Materials specified Publisher description
Uniform Resource Identifier <a href="http://www.loc.gov/catdir/enhancements/fy0703/87033086-d.html">http://www.loc.gov/catdir/enhancements/fy0703/87033086-d.html</a>
856 41 - ELECTRONIC LOCATION AND ACCESS
Materials specified Sample text
Uniform Resource Identifier <a href="http://www.loc.gov/catdir/enhancements/fy0703/87033086-s.html">http://www.loc.gov/catdir/enhancements/fy0703/87033086-s.html</a>
906 ## - LOCAL DATA ELEMENT F, LDF (RLIN)
a 7
b cbc
c orignew
d 1
e ocip
f 19
g y-gencatlg
942 ## - ADDED ENTRY ELEMENTS (KOHA)
Source of classification or shelving scheme
Koha item type Books
Holdings
Withdrawn status Lost status Source of classification or shelving scheme Damaged status Not for loan Permanent location Current location Date acquired Inventory number Total Checkouts Full call number Barcode Date last seen Price effective from Koha item type
          Ken Walker International University Ken Walker International University 03/05/2021 1899   821.111 A-84 1899 03/05/2021 03/05/2021 Books

Powered by Koha